000 00317nam a22001337a 4500
008 181221b xxu||||| |||| 00| 0 eng d
020 _a9781560238737
041 _aeng
080 _a159.9
100 _a49
101 _aPSI
245 _aFeminist Theories and Feminist Psychotherapies
_cEnns, C.Z
942 _2udc
_cBK
999 _c53690
_d53690